00300pam a2200121 a 4500020002400000041000500024082001000029100002400039245006300063250001200126260003200138300000800170 a978-81-87782-40-4c h a495.1 aSharma S.A.eAuthor aLearn Chinese in A MorithcSharma S.A.hTextual Documents  a1st Ed. bRead will Publicationc2014 a190